U.S. Navy Ranks - Statistics

General Stats
  • This quiz has been taken 79 times
  • The average score is 13 of 22
Answer Stats
Pay Grade Rank % Correct
O-10 Admiral
92%
O-6 Captain
85%
O-3 Lieutenant
82%
O-8 Rear Admiral
81%
E-3 Seaman
79%
O-1 Ensign
74%
O-5 Commander
71%
O-4 Lieutenant Commander
61%
E-2 Seaman Apprentice
60%
O-9 Vice Admiral
58%
E-7 Chief Petty Officer
55%
E-6 Petty Officer First Class
52%
E-5 Petty Officer Second Class
52%
E-4 Petty Officer Third Class
52%
O-10 Fleet Admiral
50%
E-1 Seaman Recruit
48%
O-2 Lieutenant Junior Grade
45%
O-7 Rear Admiral Lower Half
45%
E-9 Master Chief Petty Officer
40%
E-8 Senior Chief Petty Officer
39%
E-9 Master Chief Petty Officer of the Navy
31%
E-9 Command Master Chief Petty Officer
29%
No matching quizzes found
Score Distribution
Percent of People with Each Score
Percentile by Number Answered
Your Score History
You have not taken this quiz